|
|
|
|
| LEADER |
00000naa2a2200000 4500 |
| 001 |
395298 |
| 005 |
20231101064616.0 |
| 035 |
|
|
|a (RuTPU)RU\TPU\prd\32548
|
| 090 |
|
|
|a 395298
|
| 100 |
|
|
|a 20050208a2004 k y0rusy50 ca
|
| 101 |
0 |
|
|a rus
|
| 102 |
|
|
|a RU
|
| 200 |
1 |
|
|a Определение закона управления сложным тепловым объектом
|f Ю. И. Кудинов, И. Ю. Кудинов, Н. А. Архипов, С. А. Суслова
|
| 225 |
1 |
|
|a Математическое обеспечение АСУ
|
| 320 |
|
|
|a Библиогр.: 6 назв.
|
| 461 |
|
1 |
|0 (RuTPU)RU\TPU\prd\2287
|t Промышленные АСУ и контроллеры
|o ежемесячный научно-технический производственный журнал
|d 2002-
|
| 463 |
|
1 |
|0 (RuTPU)RU\TPU\prd\31981
|t № 12
|v С. 24-26
|d 2004
|
| 610 |
1 |
|
|a управление
|
| 610 |
1 |
|
|a законы управления
|
| 610 |
1 |
|
|a тепловые объекты
|
| 610 |
1 |
|
|a сложные тепловые объекты
|
| 610 |
1 |
|
|a нечёткие динамические модели
|
| 610 |
1 |
|
|a генетические алгоритмы
|
| 610 |
1 |
|
|a агоритмы
|
| 701 |
|
1 |
|a Кудинов
|b Ю. И.
|
| 701 |
|
1 |
|a Кудинов
|b И. Ю.
|
| 701 |
|
1 |
|a Архипов
|b Н. А.
|
| 701 |
|
1 |
|a Суслова
|b С. А.
|
| 801 |
|
1 |
|a RU
|b 63413507
|c 20050208
|g PSBO
|
| 942 |
|
|
|c BK
|